One Word Oscar-Winning Films - Statistics

General Stats
  • This quiz has been taken 1,080 times
    448 since last reset
  • The average score is 30 of 209
Answer Stats
Answer % Correct
Titanic (1953)
60%
Titanic (1997)
60%
Oppenheimer
57%
Gladiator
51%
Dune
50%
Casablanca
47%
Gandhi
44%
Philadelphia
43%
Moonlight
42%
Parasite
42%
Amadeus
41%
Brave
41%
Avatar
40%
Fargo
39%
Anora
38%
Argo
38%
Chicago
38%
Patton
38%
Hamlet
37%
Crash
36%
Lincoln
36%
Z
36%
Rocky
35%
Sinners
35%
Up
35%
Alien
33%
Braveheart
33%
Batman
32%
Jaws
32%
Platoon
32%
Ray
32%
Milk
31%
Barbie
30%
Coco
30%
Marty
30%
Nomadland
30%
Joker
29%
Spotlight
29%
Wings
29%
Goodfellas
28%
Inception
28%
Interstellar
27%
Aliens
25%
CODA
25%
Rebecca
25%
Shrek
25%
Superman
25%
Bird
24%
Cabaret
24%
Oliver!
24%
Unforgiven
24%
Gigi
23%
Her
23%
Aladdin
22%
Dunkirk
22%
Frozen
22%
Wall-E
22%
Gravity
21%
Capote
20%
Cimarron
20%
Frankenstein
20%
Network
20%
Hamnet
18%
Pinocchio
18%
Ratatouille
18%
1917
17%
Cavalcade
17%
Dumbo
17%
Encanto
17%
Monster
17%
Moonstruck
17%
Pocahontas
17%
Soul
17%
Tenet
17%
Babe
16%
Ghost
16%
Misery
16%
Roma
16%
Room
16%
Shine
16%
Elizabeth
15%
Spartacus
15%
Tootsie
15%
Chinatown
14%
Cleopatra (1934)
14%
Cleopatra (1963)
14%
JFK
14%
Zootopia
14%
Ran
13%
Arrival
12%
Charly
12%
Judy
12%
Klute
12%
Skyfall
12%
Tarzan
12%
Hugo
11%
Speed
11%
Wicked
11%
Yentl
11%
Goldfinger
10%
Oklahoma!
10%
Anastasia
9%
Babel
9%
Boyhood
9%
Gaslight
9%
Giant
9%
Glory
9%
Juno
9%
Rocketman
9%
Traffic
9%
Whiplash
9%
Atonement
8%
Belfast
8%
Disraeli
8%
Evita
8%
Flow
8%
Rango
8%
Spectre
8%
Airport
7%
Amour
7%
Arthur
7%
Emma
7%
F1
7%
Julia
7%
Mank
7%
Minari
7%
Reds
7%
Shane
7%
Vice
7%
Adaptation
6%
Beetlejuice
6%
Conclave
6%
Hud
6%
Jezebel
6%
M*A*S*H
6%
Sabrina
6%
Weapons
6%
Cruella
5%
Darling
5%
Fame
5%
Iris
5%
Precious
5%
Rashomon
5%
Selma
5%
Sideways
5%
Stagecoach
5%
Suspicion
5%
Thunderball
5%
4%
Bugsy
4%
Cocoon
4%
Frida
4%
Nashville
4%
Robocop
4%
RRR
4%
Tess
4%
Witness
4%
Amarcord
3%
Becket
3%
Bombshell
3%
Camelot
3%
Coquette
3%
Dangerous
3%
Dreamgirls
3%
Fences
3%
Flashdance
3%
Ida
3%
Laura
3%
Limelight
3%
Mask
3%
Missing
3%
Pygmalion
3%
Skippy
3%
Spellbound
3%
Syriana
3%
Affliction
2%
Battleground
2%
Beginners
2%
Dodsworth
2%
Earthquake
2%
Harvey
2%
Kentucky
2%
Kolya
2%
Lili
2%
Once
2%
Picnic
2%
Pollock
2%
Shaft
2%
Shampoo
2%
Wilson
2%
Bullitt
1%
Champion
1%
Character
1%
Cromwell
1%
Departures
1%
Exodus
1%
Indochine
1%
Innerspace
1%
Marooned
1%
Mediterraneo
1%
Mephisto
1%
Restoration
1%
Sayonara
1%
Sweethearts
1%
Tempest
1%
Topkapi
1%
Transatlantic
1%
Tsotsi
1%
Eskimo
0%
No matching quizzes found
Score Distribution
Percent of People with Each Score
Percentile by Number Answered
Your Score History
You have not taken this quiz since the last reset